000 00698nam a22002297a 4500
003 UA-OsUOA
001 100553
007 ta
008 20130528b un ||||| |||| 00| 0 ukr d
100 _aГершковець Я.П.
700 _aРомашко О.В.
090 _a902
_bГ42
942 _cSA
040 _aUA-OsUOA
_bukr
_cUA-OsUOA
_dUA-OsUOA
245 _aСкіфськф святилища Ареса: археологічні даня та свідчення Геродота
300 _aС.61-76
955 _a0
041 _aukr
080 _a902
773 0 _w100548
_tАрхеологія
_dК.
_d2013
_g1
650 7 _a9 Географія. Біографії. Історія
_2UDC
999 _c385967
_d385967